Normal view
MARC view
- Water Environment Federation.
Entry Corporate Name
001 - CONTROL NUMBER
- control field: 6059
003 - CONTROL NUMBER IDENTIFIER
- control field: NUST
005 - DATE AND TIME OF LATEST TRANSACTION
- control field: 20171107103258.0
008 - FIXED-LENGTH DATA ELEMENTS
- fixed length control field: 171107|| aca||aabn | a|a d
040 ## - CATALOGING SOURCE
- Original cataloging agency: NUST
- Transcribing agency: NUST
110 ## - HEADING--CORPORATE NAME
- Corporate name or jurisdiction name as entry element: Water Environment Federation.
- Subordinate unit: Task Force on Design of Wastewater and Stormwater Pumping Stations.
670 ## - SOURCE DATA FOUND
- Source citation: Work cat.: (NUST)0: Design of wastewater and stormwater pumping stations /, 1993.
